| 000 | 00446nam a2200217 454500 | ||
|---|---|---|---|
| 001 | 078304 | ||
| 003 | BD-ChCU | ||
| 008 | Eng | ||
| 020 | _a | ||
| 040 |
_aDLC _cDLC _dBD-ChCU |
||
| 082 | 0 | 0 | _a182/LOO |
| 100 | 1 |
_aLonginus, Cassius. _b- |
|
| 245 | 1 | 0 |
_aOn sublimity _b- |
| 250 | _a- | ||
| 260 |
_aOxford _bClarendon _c1965 |
||
| 300 | _axx,56p | ||
| 504 | _a | ||
| 650 | 0 |
_aDionysius _bDionysius |
|
| 700 | 1 | _a- | |
| 942 |
_2ddc _cBK |
||
| 999 |
_c78304 _d78304 |
||